Loreto College Library, Kolkata
WEBOPAC (ONLINE PUBLIC ACCESS CATALOGUE)

Educating exceptional children (Record no. 36487)

MARC details
000 -LEADER
fixed length control field 00697nam a2200217Ia 4500
008 - FIXED-LENGTH DATA ELEMENTS--GENERAL INFORMATION
fixed length control field 131103s9999 xx 000 0 und d
020 ## - ISBN | অাই এস বি এন
ISBN | অাই এস বি এন 9.79E+12
PRICE Rs.350.00
040 ## - CATALOGING SOURCE
Original cataloging agency Loreto College
041 ## - LANGUAGE CODE
Language code English
082 ## - DDC | ডিউই
Classification number | বর্গসংখ্যা 371.9/MAN
Book Number | গ্রন্থাঙ্ক LCBED/14644,14645,14646, 14643
100 ## - MAIN ENTRY--PERSONAL NAME | মুখ্য সংলেখ - ব্যাক্তিনাম
Personal name | ব্যাক্তিনাম Mangal, S. K.
245 ## - TITLE STATEMENT | অাখ্যা বিবরণী
Title | অাখ্যা Educating exceptional children
Sub title | উপঅাখ্যা An introduction to Special Education
Statement of responsibility | লেখকের দায়িত্বের বিবরণ S.K. Mangal
260 ## - IMPRINT | প্রকাশনা ক্ষেত্র
Place of publication | প্রকাশ স্থান New Delhi
Name of publisher | প্রকাশকের নাম Prentice-Hall of India
Date of publication | প্রকাশ কাল 2007
300 ## - PHYSICAL DESCRIPTION |
Page / Vol. No | পৃষ্ঠা / খন্ড সংখ্যা xv,584p
Other physical details | অনান্য বাহ্যিক বিবরণ diagrams
504 ## - BIBLIOGRAPHY, ETC. NOTE
Bibliography, etc Includes bibliographical references and index
630 ## - SUBJECT ADDED ENTRY--UNIFORM TITLE
Uniform title Exceptional Children
650 ## - SUBJECT ADDED ENTRY--TOPICAL TERM | বিষয় শিরোনাম - মূল বিষয়
Topical term | মূল বিষয় Special Education
651 ## - SUBJECT ADDED ENTRY--GEOGRAPHIC NAME | বিষয় শিরোনাম - ভৌগলিক নাম
Geographic name | ভৌগলিক বিষয় Education
850 ## - HOLDING INSTITUTION
Holding institution LCBED/371.9/MAN
942 ## - ADDED ENTRY ELEMENTS (KOHA)
Koha item type Books
Holdings
Withdrawn status Lost status Damaged status Not for loan Home library Current library Date acquired Total Checkouts Full call number Accession No. Date last seen Date checked out Price effective from Koha item type Checked out
        Loreto College Loreto College 04/11/2013 9 371.9/MAN LCBED/14644,14645,14646, 14643 B39535 09/02/2015 02/02/2015 04/11/2013 Books  
        Loreto College Loreto College 04/11/2013 8 371.9/MAN LCBED/14644,14645,14646, 14643 B39536 11/02/2015 11/02/2015 04/11/2013 Books 18/02/2015
        Loreto College Loreto College 04/11/2013 11 371.9/MAN LCBED/14644,14645,14646, 14643 B39537 11/02/2015 02/02/2015 04/11/2013 Books  
        Loreto College Loreto College 04/11/2013 10 371.9/MAN LCBED/14644,14645,14646, 14643 B39538 16/02/2015 09/02/2015 04/11/2013 Books